| 000 | 01365nam a2200325 i 4500 | ||
|---|---|---|---|
| 003 | DO-SdBNP | ||
| 005 | 20260702140131.0 | ||
| 007 | ta | ||
| 008 | 260702e2025 dr a|||jr|||||||| ||spa d | ||
| 020 | _a9789945291650 | ||
| 040 |
_aDO-SdBNP _bspa _cBNPHU _erda |
||
| 041 | _aspa | ||
| 082 |
_bG934m 2025 _222 |
||
| 100 |
_aGuerrero, Yina, _d1982- _4aut _980109 _eautor |
||
| 245 |
_aLa monstruosa ola de plástico / _cYina Guerrero [y otros tres]. |
||
| 250 | _aPrimera edición. | ||
| 264 |
_aSanto Domingo, República Dominicana : _b[sin editor identificado], _c©2025. |
||
| 300 |
_a32 páginas : _bilustraciones ; _c28 cm. |
||
| 336 |
_atexto _btxt _2rdacontent |
||
| 337 |
_asin mediación _bn _2rdamedia |
||
| 338 |
_avolumen _bnc _2rdacarrier |
||
| 520 | _aUna aventura sobre la importancia y la fortaleza del trabajo en equipo, para cuidar y respetar nuestro hábitat y el de otras especies. Una historia ideal para todas las edades, hasta para las niñas y niños con más de 80 años. | ||
| 590 | _aInventariado, 2026/WG. | ||
| 650 | 0 |
_aConservación del medio ambiente _zRepública Dominicana _979518 |
|
| 650 | 0 |
_aLiteratura infantil dominicana _980108 |
|
| 700 |
_aHerrera Montero, Ruth _987734 _erevisión de estilo |
||
| 700 |
_aWiesner, Soonhwa _977145 _eilustrador |
||
| 700 |
_aThomas, Pamela _990469 _ediagramador |
||
| 942 |
_2ddc _cLBS1 |
||
| 999 |
_c60996 _d60996 |
||